Aktuálne problémy zdaňovania leasingových spoločností z pohľadu zákona o dani z príjmu
Právna úprava finančného lízingu v SR. Uprednostnenie právnej normy nad podstatou finančného lízingu sa plne odráža aj v zákone o účtovníctve, resp. v postupoch účtovania. Argumenty zdôvodňujúce právne hľadisko finančného lízingu. Potreba zmeny súčasného chápania finančného lízingu a tomu prispôsob...
Salvato in:
| Autore principale: | |
|---|---|
| Natura: | Capitolo di libro |
| Lingua: | slovacco |
| Soggetti: | |
| Tags: |
Nessun Tag, puoi essere il primo ad aggiungerne!!
|
MARC
| LEADER | 00000naa$a2200000$$$4500 | ||
|---|---|---|---|
| 001 | 0007060 | ||
| 005 | 20221128120922.9 | ||
| 041 | 0 | |a slo | |
| 044 | |a SK | ||
| 245 | 1 | 0 | |a Aktuálne problémy zdaňovania leasingových spoločností z pohľadu zákona o dani z príjmu |c aut. Anton Čiernik |
| 520 | |a Právna úprava finančného lízingu v SR. Uprednostnenie právnej normy nad podstatou finančného lízingu sa plne odráža aj v zákone o účtovníctve, resp. v postupoch účtovania. Argumenty zdôvodňujúce právne hľadisko finančného lízingu. Potreba zmeny súčasného chápania finančného lízingu a tomu prispôsobiť právne /daňové/ a účtovné predpisy. | ||
| 610 | 2 | 0 | |a lízing finančný |
| 610 | 2 | 0 | |a spoločnosti lízingové |
| 610 | 2 | 0 | |a zdaňovanie |
| 610 | 2 | 0 | |a prenájom |
| 610 | 2 | 0 | |a nájomcovia |
| 610 | 2 | 0 | |a odpisy daňové |
| 610 | 2 | 0 | |a odpisy účtovné |
| 610 | 2 | 0 | |a predpisy daňové |
| 610 | 2 | 0 | |a účtovníctvo |
| 610 | 2 | 0 | |a účtovníctvo daňové |
| 610 | 2 | 0 | |a úpravy právne |
| 610 | 2 | 0 | |a dane z príjmov |
| 100 | 1 | |a Čiernik, Anton | |